Statistics for Leonard Cohen - boygenius (Lyrics)

Click here to take the quiz!

General Stats

  • This quiz has been taken 19 times
  • The average score is 135 of 145

Answer Stats

Answer% Correct
a
100%
an
100%
And
100%
could
100%
"I
100%
I
100%
"If
100%
love
100%
me
100%
On
100%
said
100%
so
100%
So
100%
tell
100%
that
100%
the
100%
this
100%
to
100%
we
100%
you
100%
You
100%
didn't
93%
in"
93%
in
93%
know
93%
listen
93%
now
93%
on-ramp
93%
song
93%
song"
93%
time
93%
us
93%
was
93%
well"
93%
well
93%
were
93%
will
93%
wrong
93%
adding
87%
agree
87%
anyone
87%
At
87%
But
87%
Cohen
87%
crack
87%
done
87%
drive
87%
driving
87%
else
87%
embarrass
87%
everything
87%
felt
87%
gave
87%
gets
87%
happen
87%
hour
87%
how
87%
idiot
87%
interstate
87%
it
87%
Leonard
87%
less
87%
light
87%
like
87%
might
87%
more
87%
never
87%
not
87%
once
87%
ourselves
87%
serious
87%
stories
87%
Tellin'
87%
that's
87%
"There's
87%
thought
87%
until
87%
way
87%
wouldn't
87%
you'd
87%
am
80%
Buddhist
80%
crisis
80%
existential
80%
having
80%
horny
80%
man
80%
old
80%
poetry
80%
writing
80%
monastery
73%

Score Distribution

Percentile by Number Answered

Percent of People with Each Score

Your Score History

You have not taken this quiz